| 000 | 00532cam a2200205 4500 | ||
|---|---|---|---|
| 008 | 090401t1997 xxu||||| |||| 00| 0 eng d | ||
| 020 | _a0412805502 | ||
| 035 | _a(Sirsi) u79532 | ||
| 041 | _aeng | ||
| 050 | _a526.99 | ||
| 100 | _aLoweth, R.P. | ||
| 245 | _aManual of offshore surveying for geoscientists and engineers. | ||
| 260 |
_aLondon _bChapman & Hall _c1997 |
||
| 300 | _axvi,428p. : ill. ; 25cm. | ||
| 350 | _a75 | ||
| 650 | _aOFFSHORE SURVEYING | ||
| 690 | _aLAND SURVEYING | ||
| 942 | _n0 | ||
| 948 | _c10/07/1997 | ||
| 999 |
_c96552 _d96552 |
||